ბათუმის შოთა რუსთაველის სახელმწიფო უნივერსიტეტის ბიბლიოთეკა

Корпоративное управление в переходных экономиках:Инсайдерский контроль и роль Банков (ბიბ.ჩანაწერი № 37234)

000 -LEADER
fixed length control field 01100nam a2200265Ia 4500
001 - CONTROL NUMBER
control field 3193
003 - CONTROL NUMBER IDENTIFIER
control field GE_BSU
008 - FIXED-LENGTH DATA ELEMENTS--GENERAL INFORMATION
fixed length control field 181216s||||||||xx |||||||||||||| ||und||
020 ## - INTERNATIONAL STANDARD BOOK NUMBER
International Standard Book Number 5289019596
040 ## - CATALOGING SOURCE
Transcribing agency GE_BSU
080 ## - UNIVERSAL DECIMAL CLASSIFICATION NUMBER
Universal Decimal Classification number 005.3+330
245 ## - TITLE STATEMENT
Title Корпоративное управление в переходных экономиках:Инсайдерский контроль и роль Банков
245 ## - TITLE STATEMENT
Remainder of title Corporate Governance in Transitionfl Economies
245 ## - TITLE STATEMENT
Statement of responsibility, etc. Под. ред.: Масахико Аоки, Хьюнг Ки Кима, пер. сангл.: ДЛ. Волкова, В.С. Катькало идр.; ред. И. М. Вдовина.
260 ## - PUBLICATION, DISTRIBUTION, ETC.
Place of publication, distribution, etc. СПБ
260 ## - PUBLICATION, DISTRIBUTION, ETC.
Name of publisher, distributor, etc. Лениздат
260 ## - PUBLICATION, DISTRIBUTION, ETC.
Date of publication, distribution, etc. 1997
300 ## - PHYSICAL DESCRIPTION
Extent 558 ст. ил. 20см.
653 ## - INDEX TERM--UNCONTROLLED
Uncontrolled term Инсайдерский контроль и роль Банков
653 ## - INDEX TERM--UNCONTROLLED
Uncontrolled term Корпоративное управление в переходных экономиках:
653 ## - INDEX TERM--UNCONTROLLED
Uncontrolled term Экономика
653 ## - INDEX TERM--UNCONTROLLED
Uncontrolled term ეკონომიკა
942 ## - ADDED ENTRY ELEMENTS (KOHA)
Koha item type წიგნი
ეგზემპლარები
Withdrawn status Lost status Damaged status Not for loan Date acquired Barcode Date last seen Price effective from Koha item type Public note
        2018-12-17 8289 2018-12-17 2018-12-17 წიგნი დარბქაზი
        2018-12-17 8290 2018-12-17 2018-12-17 წიგნი დარბაზი